[Event "SR 5. liga SE-SI 2012/2013"]
[Site "?"]
[Date "2012.12.08"]
[Round "7.2"]
[White "Spanik, Ondrej"]
[Black "Sefcik, Oliver"]
[Result "1-0"]
[WhiteElo "1278"]
[BlackElo "1000"]
[PlyCount "45"]
[EventDate "2012.??.??"]

1. e4 e5 2. Nf3 Nc6 3. Bc4 Nf6 4. d3 Bc5 5. Ng5 O-O 6. Be3 Bxe3 7. fxe3 d6 8.
h3 b6 9. O-O Bb7 10. Nc3 Re8 11. Bxf7+ Kf8 12. Bxe8 Qxe8 13. Nd5 Rc8 14. Nxh7+
Kg8 15. Nhxf6+ Kf8 16. Nd7+ Kg8 17. N7f6+ Kf7 18. Nxe8+ Kxe8 19. Qh5+ Kd8 20.
Qh8+ Kd7 21. Rf7+ Ke6 22. Qxg7 Nb4 23. Re7# 1-0

[Event "SR 5. liga SE-SI 2012/2013"]
[Site "?"]
[Date "2012.12.08"]
[Round "7.2"]
[White "Steiner, Juraj"]
[Black "Romanova, Ema"]
[Result "0-1"]
[WhiteElo "1000"]
[BlackElo "1000"]
[PlyCount "42"]
[EventDate "2012.??.??"]

1. e4 e5 2. Bc4 Nf6 3. Nf3 Nc6 4. Nc3 Bc5 5. O-O d6 6. d3 Bg4 7. Bg5 h6 8. Bxf6
Qxf6 9. Nd5 Qd8 10. Re1 Nd4 11. Re3 Nxf3+ 12. gxf3 Bxe3 13. fxg4 Bd4 14. c3 Bc5
15. d4 Bb6 16. g5 Qxg5+ 17. Kf1 O-O 18. dxe5 dxe5 19. Ne7+ Kh8 20. Qd7 Qf6 21.
Bd5 Qxf2# 0-1

[Event "SR 5. liga SE-SI 2012/2013"]
[Site "?"]
[Date "2012.12.08"]
[Round "7.2"]
[White "Dujsik, Radko"]
[Black "Sefcik, Marek"]
[Result "1-0"]
[WhiteElo "1029"]
[BlackElo "1000"]
[PlyCount "37"]
[EventDate "2012.??.??"]

1. e4 e5 2. Nf3 Nf6 3. Nc3 b6 4. Bc4 Bc5 5. Nxe5 O-O 6. d4 Bd6 7. Nf3 c6 8. Bg5
b5 9. Bb3 h6 10. Bh4 g5 11. Bg3 Bxg3 12. hxg3 Re8 13. Rxh6 Nh7 14. Ne5 Kg7 15.
Nxf7 Qe7 16. Qh5 Nf6 17. Qg6+ Kf8 18. Rh8+ Ng8 19. Qxg8# 1-0

[Event "SR 5. liga SE-SI 2012/2013"]
[Site "?"]
[Date "2012.12.08"]
[Round "7.3"]
[White "Ocko, Martin"]
[Black "Nemeckay, Dominik"]
[Result "1-0"]
[WhiteElo "1661"]
[BlackElo "1424"]
[PlyCount "69"]
[EventDate "2012.??.??"]

1. d4 d5 2. c4 c6 3. Nc3 Nf6 4. Nf3 Bg4 5. e3 e6 6. cxd5 cxd5 7. Be2 Bd6 8. Qb3
Qc7 9. Nb5 Qb6 10. Nxd6+ Qxd6 11. Qxb7 Qc6 12. Bb5 Qxb5 13. Qxb5+ Nbd7 14. Ne5
Rd8 15. O-O O-O 16. Nc6 Rc8 17. Ne7+ Kh8 18. Nxc8 Rxc8 19. h3 Bh5 20. g4 Bg6
21. g5 Bh5 22. gxf6 Nxf6 23. Qb7 Rg8 24. f3 Bg6 25. Bd2 Bd3 26. Rfc1 h6 27. Rc8
Ne8 28. Qb8 Nf6 29. Rxg8+ Nxg8 30. Rc1 a6 31. Rc8 Bh7 32. b4 h5 33. a4 h4 34.
b5 axb5 35. axb5 1-0

[Event "SR 5. liga SE-SI 2012/2013"]
[Site "?"]
[Date "2012.12.08"]
[Round "7.3"]
[White "Tomasovic, Roman"]
[Black "Mudroch, Martin"]
[Result "1/2-1/2"]
[WhiteElo "1277"]
[BlackElo "1309"]
[PlyCount "53"]
[EventDate "2012.??.??"]

1. e4 e5 2. Nf3 Nc6 3. Bc4 Nf6 4. Nc3 Bc5 5. Nxe5 Nxe5 6. d4 Nxc4 7. dxc5 h6 8.
Qd4 Na5 9. e5 Nc6 10. Qf4 Qe7 11. O-O Qxe5 12. Qxe5+ Nxe5 13. Re1 d6 14. cxd6
cxd6 15. f4 O-O 16. fxe5 dxe5 17. Rxe5 Bd7 18. Bd2 Rfe8 19. Rae1 Rad8 20. Bf4
g5 21. Bg3 Be6 22. Ne4 Nxe4 23. R5xe4 Rd2 24. R4e2 Red8 25. a3 Rxe2 26. Rxe2
Rd1+ 27. Kf2 1/2-1/2

[Event "SR 5. liga SE-SI 2012/2013"]
[Site "?"]
[Date "2012.12.08"]
[Round "7.3"]
[White "Buran, Andrej ml"]
[Black "Tomasovic, Pavol"]
[Result "1/2-1/2"]
[WhiteElo "1152"]
[BlackElo "1304"]
[PlyCount "84"]
[EventDate "2012.??.??"]

1. e4 e6 2. d4 d5 3. e5 c5 4. c3 Nc6 5. f4 Qb6 6. Nf3 Nh6 7. b3 Nf5 8. Bb2 cxd4
9. Nxd4 Nfxd4 10. cxd4 Qa5+ 11. Qd2 Bb4 12. Bc3 O-O 13. Be2 a6 14. O-O Bxc3 15.
Nxc3 Bd7 16. a3 Qb6 17. Rfd1 Na5 18. Qc2 Qxb3 19. Qd3 Rfc8 20. Rdc1 Rc7 21. Qc2
Qxc2 22. Rxc2 Rac8 23. Rac1 Nb3 24. Rb1 Nxd4 25. Rd2 Nxe2+ 26. Nxe2 Bb5 27. Nd4
Rc1+ 28. Rxc1 Rxc1+ 29. Kf2 Bc4 30. Rb2 b5 31. a4 Kf8 32. axb5 axb5 33. Nxb5
Bxb5 34. Rxb5 Rc2+ 35. Kf3 Rc8 36. Rb2 Rd8 37. Rd2 Ke8 38. Ke3 Rd7 39. Kf3 Kd8
40. Rc2 Ke7 41. Ke3 f6 42. Rc8 Rd8 1/2-1/2

[Event "SR 5. liga SE-SI 2012/2013"]
[Site "?"]
[Date "2012.12.08"]
[Round "7.3"]
[White "Drinka, Robert"]
[Black "Kaufman, Robert"]
[Result "1-0"]
[WhiteElo "1290"]
[BlackElo "1041"]
[PlyCount "97"]
[EventDate "2012.??.??"]

1. e4 e5 2. Nf3 Nc6 3. Bc4 d6 4. O-O Nf6 5. Re1 Be7 6. c3 Be6 7. Bb5 O-O 8. d4
d5 9. exd5 Bxd5 10. dxe5 Nxe5 11. Nxe5 Bd6 12. Bg5 c6 13. Ba4 Re8 14. Qd4 Qb6
15. Nd2 Qxd4 16. cxd4 Re6 17. Bxf6 Rxf6 18. Bb3 Re8 19. Bxd5 cxd5 20. Nd7 Rfe6
21. Kf1 Bb4 22. Rxe6 Rxe6 23. Nf3 f6 24. Rc1 Bd6 25. Nc5 Re7 26. Nh4 g6 27. Nf3
b6 28. Nd3 h5 29. a3 g5 30. h3 b5 31. Rc6 Bc7 32. Rxf6 Kg7 33. Rc6 a5 34. b4 a4
35. Rc5 g4 36. hxg4 hxg4 37. Nfe5 Bb6 38. Rxd5 Rc7 39. Nc5 g3 40. Ne6+ Kf6 41.
Nxc7 Bxc7 42. Rxb5 gxf2 43. Kxf2 Kf5 44. Kf3 Bd6 45. Nc4+ Ke6 46. Nxd6 Kxd6 47.
Ke4 Kc6 48. Rc5+ Kb6 49. g4 1-0

[Event "SR 5. liga SE-SI 2012/2013"]
[Site "?"]
[Date "2012.12.08"]
[Round "7.3"]
[White "Hrdlicka, Martin"]
[Black "Cerna, Lucia"]
[Result "0-1"]
[WhiteElo "1000"]
[BlackElo "1122"]
[PlyCount "42"]
[EventDate "2012.??.??"]

1. e4 e5 2. Nf3 Nc6 3. Bc4 Be7 4. d3 Nf6 5. Nc3 O-O 6. Be3 d6 7. O-O Bg4 8. b4
Nxb4 9. a3 d5 10. exd5 Nbxd5 11. Nxd5 Nxd5 12. d4 e4 13. a4 exf3 14. gxf3 Bh3
15. Re1 Bb4 16. Bd2 c6 17. Qc1 Qd6 18. c3 Nxc3 19. Bxc3 Bxc3 20. Qxc3 Qg6+ 21.
Kh1 Qg2# 0-1

[Event "SR 5. liga SE-SI 2012/2013"]
[Site "?"]
[Date "2012.12.15"]
[Round "8.1"]
[White "Ocko, Martin"]
[Black "Holiencin, Filip"]
[Result "1-0"]
[WhiteElo "1661"]
[BlackElo "1680"]
[PlyCount "99"]
[EventDate "2012.??.??"]

1. d4 d5 2. c4 c6 3. Nc3 Nf6 4. Nf3 Bf5 5. e3 g6 6. Qb3 b6 7. cxd5 cxd5 8. Bb5+
Nbd7 9. Nxd5 Bg7 10. Ne5 Be6 11. Nxf6+ Bxf6 12. Bxd7+ Qxd7 13. Nxd7 Bxb3 14.
Nxf6+ exf6 15. axb3 Rc8 16. O-O a5 17. Bd2 Kd7 18. Rfc1 Rb8 19. g3 h5 20. b4 h4
21. bxa5 bxa5 22. Bc3 hxg3 23. hxg3 Rh7 24. Rxa5 Rbh8 25. Kg2 Rh2+ 26. Kf3 Rb8
27. Ra7+ Ke6 28. Rca1 f5 29. R1a6+ Kd5 30. Rd7+ Kc4 31. Rc7+ Kd3 32. Ra3 Kc2
33. b4 Rb5 34. Be1+ Kb2 35. Rac3 Rb6 36. Rc2+ Kb1 37. Rc1+ Kb2 38. R7c2+ Kb3
39. Re2 Re6 40. Rc3+ Ka4 41. Ra2+ Kb5 42. Rc5+ Kb6 43. b5 Re4 44. Ra6+ Kb7 45.
Rf6 Re7 46. Rcc6 Rh1 47. Ba5 Ra1 48. Rb6+ Ka7 49. Ra6+ Kb8 50. Bc7+ 1-0

[Event "SR 5. liga SE-SI 2012/2013"]
[Site "?"]
[Date "2012.12.15"]
[Round "8.1"]
[White "Sladek, Michal"]
[Black "Mudroch, Martin"]
[Result "0-1"]
[WhiteElo "1000"]
[BlackElo "1309"]
[PlyCount "48"]
[EventDate "2012.??.??"]

1. e4 c6 2. Nc3 d5 3. d4 dxe4 4. Nxe4 Bf5 5. Ng3 Bg6 6. Be3 Nf6 7. Bd3 Bxd3 8.
Qxd3 Nbd7 9. O-O-O e6 10. Nf3 Bd6 11. Ne4 Nxe4 12. Qxe4 Qc7 13. Qg4 g6 14. Bd2
O-O-O 15. Bc3 f5 16. Qh4 Nb6 17. d5 Rhe8 18. dxc6 bxc6 19. Rhe1 Nd5 20. Bd2 e5
21. g3 e4 22. Nd4 Rd7 23. Kb1 Qb6 24. Ka1 Qxd4 0-1

[Event "SR 5. liga SE-SI 2012/2013"]
[Site "?"]
[Date "2012.12.15"]
[Round "8.1"]
[White "Trojkova, Michaela"]
[Black "Svrcek, Daniel"]
[Result "1-0"]
[WhiteElo "1199"]
[BlackElo "1000"]
[PlyCount "111"]
[EventDate "2012.??.??"]

1. e4 e5 2. Nf3 Bc5 3. Nxe5 Qe7 4. d4 Bb4+ 5. c3 Bd6 6. Bf4 Bxe5 7. Bxe5 Nc6 8.
Bxg7 Qxe4+ 9. Qe2 d5 10. Qxe4+ dxe4 11. Bxh8 Be6 12. Nd2 Bf5 13. Bb5 O-O-O 14.
Bxc6 bxc6 15. O-O Ne7 16. Bf6 Rd7 17. Bxe7 Rxe7 18. Rae1 h5 19. Re3 Bg6 20.
Rfe1 f5 21. f3 f4 22. Rxe4 Bxe4 23. Rxe4 Rxe4 24. Nxe4 Kb7 25. Nf6 h4 26. Nh5
a5 27. Nxf4 Kb6 28. Ng6 h3 29. f4 hxg2 30. Kxg2 c5 31. f5 cxd4 32. cxd4 c6 33.
f6 Kb5 34. f7 c5 35. dxc5 Kxc5 36. f8=Q+ Kb5 37. Qf5+ Kb4 38. Qxa5+ Kxa5 39. h4
Kb4 40. a3+ Kb3 41. h5 Kxb2 42. h6 Kxa3 43. h7 Kb3 44. h8=R Kc3 45. Rd8 Kc4 46.
Kf3 Kc5 47. Ke4 Kc4 48. Rc8+ Kb4 49. Kd4 Kb5 50. Rc4 Kb6 51. Rc5 Kb7 52. Kd5
Kb6 53. Kd6 Kb7 54. Rc6 Ka7 55. Kc7 Ka8 56. Ra6# 1-0

[Event "SR 5. liga SE-SI 2012/2013"]
[Site "?"]
[Date "2012.12.15"]
[Round "8.1"]
[White "Grunner, Slavomir"]
[Black "Buran, Andrej ml"]
[Result "0-1"]
[WhiteElo "1000"]
[BlackElo "1152"]
[PlyCount "28"]
[EventDate "2012.??.??"]

1. e4 e5 2. Nf3 Nc6 3. Bc4 Bc5 4. O-O Nf6 5. d3 O-O 6. c3 d6 7. b4 Bb6 8. Ng5
h6 9. Nh3 Bg4 10. Qd2 Bxh3 11. gxh3 Qd7 12. d4 Qxh3 13. Qd1 Ng4 14. f3 Qxh2#
0-1

[Event "SR 5. liga SE-SI 2012/2013"]
[Site "?"]
[Date "2012.12.15"]
[Round "8.2"]
[White "Baumgartner, Milan"]
[Black "Harasta, Marian"]
[Result "0-1"]
[WhiteElo "1558"]
[BlackElo "1624"]
[PlyCount "36"]
[EventDate "2012.??.??"]

1. c4 c5 2. Nc3 d6 3. e4 Nf6 4. Bd3 Nc6 5. a3 g6 6. h3 Bh6 7. Nge2 e5 8. Bc2
Nd4 9. Nxd4 cxd4 10. Ne2 Qa5 11. b4 Qc7 12. d3 Bg7 13. O-O a6 14. a4 Bd7 15. f4
O-O 16. f5 b5 17. axb5 axb5 18. Bb3 Rxa1 0-1

[Event "SR 5. liga SE-SI 2012/2013"]
[Site "?"]
[Date "2012.12.15"]
[Round "8.2"]
[White "Drabek, Martin"]
[Black "Danihel, Jozef"]
[Result "0-1"]
[WhiteElo "1516"]
[BlackElo "1566"]
[PlyCount "84"]
[EventDate "2012.??.??"]

1. e4 d5 2. exd5 Nf6 3. Nf3 Bg4 4. h3 Bh5 5. Nc3 Nxd5 6. Ne4 e6 7. d3 Nd7 8. c4
N5f6 9. Ng3 Bg6 10. Be3 c6 11. Qb3 Qc7 12. Be2 Bd6 13. O-O b6 14. Nd4 O-O 15.
Bf3 Nc5 16. Qd1 Bxd3 17. Bxc6 Rad8 18. Re1 e5 19. Ndf5 e4 20. Bd5 Ne6 21. b3
Bb4 22. Bd2 Bc5 23. Be3 Rd7 24. Nh5 Qe5 25. Nxf6+ Qxf6 26. Qg4 Bxe3 27. Rxe3
Qxa1+ 28. Kh2 Qe5+ 29. Kh1 Qf6 30. Rg3 Rfd8 31. Qh5 g6 32. Nh6+ Kh8 33. Qg4
Rxd5 34. cxd5 Rxd5 35. f3 e3 36. Qa4 Qe7 37. f4 e2 38. Re3 Bb5 39. Qe4 Bc6 40.
Nxf7+ Qxf7 41. Qxe6 Qxe6 42. Rxe6 Rd1+ 0-1

[Event "SR 5. liga SE-SI 2012/2013"]
[Site "?"]
[Date "2012.12.15"]
[Round "8.2"]
[White "Pekar, Pavol"]
[Black "Zlamal, Marek"]
[Result "0-1"]
[WhiteElo "1000"]
[BlackElo "1551"]
[PlyCount "116"]
[EventDate "2012.??.??"]

1. d4 e6 2. c4 d5 3. c5 b6 4. b4 a5 5. Bd2 axb4 6. Bxb4 Na6 7. Qd2 bxc5 8. dxc5
Nxc5 9. Bxc5 Bxc5 10. a3 Bb6 11. Nf3 c5 12. e3 d4 13. exd4 cxd4 14. Qg5 Ba5+
15. Nbd2 Qxg5 16. Nxg5 Bb7 17. Ngf3 Nf6 18. Bd3 O-O 19. O-O Bc3 20. Ra2 Bc6 21.
Rc1 Bd5 22. Bc4 Bxd2 23. Nxd2 Rfc8 24. Rcc2 h6 25. f3 Bxc4 26. Rxc4 Rxc4 27.
Nxc4 Rc8 28. Nd2 Nd5 29. a4 d3 30. Ra3 Kf8 31. Rxd3 Rc1+ 32. Kf2 Ra1 33. Rd4
Nc3 34. Nb3 Rxa4 35. Rxa4 Nxa4 36. Ke3 Ke7 37. Ke4 Nc3+ 38. Kd3 Nd5 39. g3 f5
40. Kd4 Kd6 41. f4 g5 42. fxg5 hxg5 43. Nd2 Nf6 44. Nc4+ Ke7 45. Ne5 Nd7 46. h4
gxh4 47. gxh4 Nxe5 48. Kxe5 Kf7 49. Kf4 Kg6 50. Kg3 e5 51. Kf3 Kh5 52. Kg3 f4+
53. Kh3 e4 54. Kg2 Kxh4 55. Kf2 Kg4 56. Kg2 e3 57. Kf1 Kg3 58. Ke2 Kg2 0-1

[Event "SR 5. liga SE-SI 2012/2013"]
[Site "?"]
[Date "2012.12.15"]
[Round "8.2"]
[White "Antalek, Rudolf"]
[Black "Horinkova, Jana"]
[Result "1-0"]
[WhiteElo "1123"]
[BlackElo "1000"]
[PlyCount "23"]
[EventDate "2012.??.??"]

1. e4 e5 2. Nf3 d6 3. Bc4 a6 4. Nc3 b5 5. Bd5 c6 6. Bb3 Be6 7. d4 exd4 8. Nxd4
c5 9. Nxe6 fxe6 10. Bxe6 Ne7 11. Qf3 b4 12. Qf7# 1-0

[Event "SR 5. liga SE-SI 2012/2013"]
[Site "?"]
[Date "2012.12.15"]
[Round "8.3"]
[White "Sukopcak, Miroslav"]
[Black "Kanka, Tomas"]
[Result "0-1"]
[WhiteElo "1712"]
[BlackElo "1435"]
[PlyCount "50"]
[EventDate "2012.??.??"]

1. e4 e5 2. c3 Nf6 3. d3 d5 4. exd5 Nxd5 5. Be2 Bd6 6. Nd2 Nf4 7. Qa4+ Bd7 8.
Qb3 Nxg2+ 9. Kd1 Bc6 10. Ndf3 Qd7 11. a4 Na6 12. Qc2 Nc5 13. b3 h6 14. h4 e4
15. dxe4 Bxe4 16. Qb2 Rd8 17. Ra2 Be7+ 18. Bd2 Nd3 19. Bxd3 Qxd3 20. Ne2 Bxf3
21. Kc1 Qxe2 22. c4 O-O 23. Qc2 Rd7 24. Rh3 Bf6 25. b4 Qf1+ 0-1

[Event "SR 5. liga SE-SI 2012/2013"]
[Site "?"]
[Date "2012.12.15"]
[Round "8.3"]
[White "Cibula, Jozef"]
[Black "Vasek, Rudolf"]
[Result "0-1"]
[WhiteElo "1334"]
[BlackElo "1453"]
[PlyCount "98"]
[EventDate "2012.??.??"]

1. e4 Nc6 2. Nc3 e5 3. Bc4 d6 4. d3 Nf6 5. Nf3 Bd7 6. Be3 Na5 7. b3 Nxc4 8.
bxc4 c5 9. Rb1 Bc6 10. O-O Be7 11. Nd5 Bxd5 12. cxd5 b6 13. c4 Qc7 14. Ng5 Qd7
15. h3 h6 16. Nf3 Nh7 17. Nh4 Bxh4 18. a4 Bf6 19. Bd2 O-O 20. a5 Bd8 21. Ra1 f5
22. axb6 Bxb6 23. Rb1 f4 24. f3 h5 25. Qe1 Qe7 26. Qf2 h4 27. Rb5 g5 28. Be1
Nf6 29. Ba5 Rab8 30. Bxb6 Rxb6 31. Qb2 Rfb8 32. Ra1 Qb7 33. Rxb6 Qxb6 34. Qc2
a5 35. Ra4 Qb3 36. Qxb3 Rxb3 37. Rxa5 Ne8 38. Ra8 Kf8 39. Ra7 Rxd3 40. Rh7 Rc3
41. Rh5 Rxc4 42. Rxg5 Ra4 43. Rg4 c4 44. Rxh4 c3 45. Rh5 c2 46. Rf5+ Ke7 47. h4
c1=Q+ 48. Kh2 Qe1 49. Kh3 Qg3# 0-1

[Event "SR 5. liga SE-SI 2012/2013"]
[Site "?"]
[Date "2012.12.15"]
[Round "8.3"]
[White "Rehak, Miroslav"]
[Black "Hurban, Tomas"]
[Result "1/2-1/2"]
[WhiteElo "1446"]
[BlackElo "1352"]
[PlyCount "100"]
[EventDate "2012.??.??"]

1. e4 Nf6 2. Nc3 e6 3. Nf3 a6 4. g3 d5 5. exd5 exd5 6. Qe2+ Qe7 7. d3 Qxe2+ 8.
Nxe2 Bg4 9. Bg2 Bb4+ 10. c3 Ba5 11. O-O O-O 12. Nf4 c6 13. Nd4 g6 14. f3 Bd7
15. Be3 Bb6 16. Bf2 g5 17. Nh3 h6 18. Nc2 Bxf2+ 19. Nxf2 Bf5 20. Rfe1 Nbd7 21.
Nd4 Bg6 22. Nb3 Rfe8 23. d4 b6 24. Bf1 Re6 25. Rxe6 fxe6 26. Bd3 Kf7 27. Re1
Bxd3 28. Nxd3 a5 29. Nbc1 Re8 30. Ne5+ Nxe5 31. Rxe5 Nd7 32. Re2 Nf6 33. Nd3
Nd7 34. f4 g4 35. Kg2 Kf6 36. h3 h5 37. hxg4 hxg4 38. Ne5 Nxe5 39. Rxe5 Rg8 40.
Rh5 Kg6 41. Re5 Kf6 42. b3 Rg6 43. Rh5 Kg7 44. Rh1 Rh6 45. Re1 Kf7 46. c4 Rh5
47. Re5 Rxe5 48. fxe5 Kg6 49. Kf2 Kf5 50. Ke3 Kg5 1/2-1/2

[Event "SR 5. liga SE-SI 2012/2013"]
[Site "?"]
[Date "2012.12.15"]
[Round "8.3"]
[White "Rajec, Matus"]
[Black "Drozd, Jan"]
[Result "1/2-1/2"]
[WhiteElo "1000"]
[BlackElo "1000"]
[PlyCount "43"]
[EventDate "2012.??.??"]

1. e4 c5 2. Bc4 d6 3. Nf3 Nc6 4. Bb5 Bd7 5. Bxc6 Bxc6 6. d3 e6 7. O-O Be7 8.
Nc3 h6 9. Re1 Nf6 10. h3 O-O 11. e5 Nh7 12. exd6 Bxd6 13. Ne4 Be7 14. Be3 b6
15. Ne5 Bb7 16. d4 Bxe4 17. dxc5 Qxd1 18. Raxd1 Bxc5 19. Bxc5 Bxc2 20. Bxf8
Bxd1 21. Bxg7 Kxg7 22. Rxd1 1/2-1/2

[Event "SR 5. liga SE-SI 2012/2013"]
[Site "?"]
[Date "2012.12.15"]
[Round "8.3"]
[White "Lauko, Tomas"]
[Black "Babic, Stefan"]
[Result "1-0"]
[WhiteElo "1000"]
[BlackElo "1000"]
[PlyCount "93"]
[EventDate "2012.??.??"]

1. e4 e5 2. Nf3 Nc6 3. Bc4 Bc5 4. d3 d6 5. Nbd2 Nf6 6. Nb3 Bg4 7. h3 Bxf3 8.
Qxf3 O-O 9. Nxc5 dxc5 10. Be3 Nb4 11. O-O-O Qd6 12. Qg3 a6 13. Rhf1 b5 14. Bb3
Qc6 15. a3 c4 16. axb4 cxb3 17. c3 a5 18. Bc5 Rfd8 19. Qxe5 axb4 20. Bxb4 Ra1+
21. Kd2 Rxd1+ 22. Rxd1 Nd7 23. Qd4 Ra8 24. f4 Nf8 25. f5 Qh6+ 26. Qe3 Qf6 27.
Qf4 Rc8 28. e5 Qd8 29. f6 g6 30. Qh6 Ne6 31. Ke3 c5 32. Ba3 Qb6 33. d4 cxd4+
34. Rxd4 Rd8 35. Qh4 h5 36. Be7 Rd7 37. Qe4 Nxd4 38. cxd4 Qb7 39. Qxb7 Rxb7 40.
d5 Rd7 41. Ke4 Rc7 42. e6 Rc8 43. Ke5 Re8 44. d6 fxe6 45. Kxe6 Rf8 46. Bxf8
Kxf8 47. d7 1-0

[Event "SR 5. liga SE-SI 2012/2013"]
[Site "?"]
[Date "2013.01.12"]
[Round "9.1"]
[White "Kanka, Tomas"]
[Black "Jarabek, Milan"]
[Result "0-1"]
[WhiteElo "1435"]
[BlackElo "1663"]
[PlyCount "70"]
[EventDate "2012.??.??"]

1. e4 c5 2. c4 g6 3. Nf3 Nc6 4. d4 cxd4 5. Nxd4 Bg7 6. Be3 Nf6 7. Nc3 O-O 8.
Nxc6 dxc6 9. Qxd8 Rxd8 10. h3 Be6 11. Be2 a6 12. Bb6 Re8 13. Rb1 Nd7 14. Na4
Nxb6 15. Nxb6 Rad8 16. O-O Rd2 17. Rfe1 Red8 18. Na4 b5 19. cxb5 cxb5 20. Nc3
Bxc3 21. bxc3 Rxa2 22. f4 Rdd2 23. Bf3 Bc4 24. Rbd1 a5 25. f5 a4 26. g4 a3 27.
e5 Rab2 28. f6 e6 29. Be4 a2 30. h4 Bb3 31. Ra1 Bc2 32. Bc6 Rb1 33. Bxb5 Rxe1+
34. Rxe1 Rd1 35. Rxd1 Bxd1 0-1

[Event "SR 5. liga SE-SI 2012/2013"]
[Site "?"]
[Date "2013.01.12"]
[Round "9.1"]
[White "Drabek, Martin"]
[Black "Hurban, Tomas"]
[Result "0-1"]
[WhiteElo "1516"]
[BlackElo "1352"]
[PlyCount "88"]
[EventDate "2012.??.??"]

1. e4 e5 2. Nf3 f6 3. Bc4 Bc5 4. d3 c6 5. Nc3 Ne7 6. O-O d5 7. Bb3 Bg4 8. h3
Bh5 9. Be3 d4 10. Na4 Na6 11. Bd2 Bd6 12. c3 b5 13. cxd4 bxa4 14. Bxa4 O-O 15.
g4 Bf7 16. Rc1 Qb6 17. Qc2 Rfc8 18. dxe5 Bxe5 19. Nxe5 fxe5 20. Be3 c5 21. a3
Qd6 22. Bb5 Ng6 23. Qa4 Nc7 24. Bxc5 Qf6 25. f3 Nxb5 26. Qxb5 Nf4 27. Rce1 Rab8
28. Qa5 Rxb2 29. Bf2 Nxh3+ 30. Kg2 Nf4+ 31. Kg3 Nxd3 32. Rd1 Qf4+ 33. Kg2 Rb3
34. Bg3 Qe3 35. Rf2 h5 36. Rff1 Rc2+ 37. Kh3 Nf2+ 38. Rxf2 Rxf2 39. Qxe5 Qxf3
40. Rd8+ Kh7 41. Qf5+ Qxf5 42. gxf5 Rff3 43. Rd7 Rxg3+ 44. Kh2 Rgc3 0-1

[Event "SR 5. liga SE-SI 2012/2013"]
[Site "?"]
[Date "2013.01.12"]
[Round "9.1"]
[White "Kridl, Oliver"]
[Black "Zlamal, Marek"]
[Result "0-1"]
[WhiteElo "1000"]
[BlackElo "1551"]
[PlyCount "92"]
[EventDate "2012.??.??"]

1. e4 c5 2. d4 cxd4 3. Qxd4 Nc6 4. Qa4 a6 5. Nc3 e5 6. a3 Nf6 7. Bg5 Be7 8.
O-O-O O-O 9. Bxf6 Bxf6 10. Nf3 d6 11. Nd5 Bd7 12. Nxf6+ Qxf6 13. Qb3 Bg4 14.
Be2 Qf4+ 15. Rd2 Rfc8 16. c3 Bxf3 17. Bxf3 Nd4 18. Qd1 a5 19. Kb1 Ne6 20. Rxd6
b5 21. Qd2 Qh4 22. g3 Qe7 23. h4 Nc5 24. Rd5 Rab8 25. b4 axb4 26. cxb4 Nb3 27.
Qd3 Nd4 28. Rc1 Rxc1+ 29. Kxc1 Qc7+ 30. Rc5 Qd6 31. Qc3 Qe6 32. Kb2 Rd8 33. Rd5
Rc8 34. Rc5 Rb8 35. Qd3 h6 36. Rd5 Qf6 37. Bd1 Qxf2+ 38. Kc1 f6 39. Rc5 Ra8 40.
Rc3 Rd8 41. Qe3 Qa2 42. Bb3+ Nxb3+ 43. Rxb3 Qa1+ 44. Rb1 Rc8+ 45. Qc5 Rxc5+ 46.
bxc5 Qxa3+ 0-1

[Event "SR 5. liga SE-SI 2012/2013"]
[Site "?"]
[Date "2013.01.12"]
[Round "9.1"]
[White "Bakos, Adrian"]
[Black "Rajec, Matus"]
[Result "1/2-1/2"]
[WhiteElo "1281"]
[BlackElo "1000"]
[PlyCount "70"]
[EventDate "2012.??.??"]

1. e4 e5 2. Nf3 Nc6 3. d4 d6 4. Be3 Nf6 5. Nc3 Bg4 6. Be2 Bxf3 7. Bxf3 h6 8. d5
Ne7 9. O-O Qd7 10. Ne2 Ng4 11. Bxg4 Qxg4 12. f3 Qd7 13. Qd2 Qb5 14. c3 c6 15.
f4 cxd5 16. fxe5 dxe5 17. Ng3 Qc6 18. Rf2 dxe4 19. Qc2 Nd5 20. Qxe4 Nxe3 21.
Qxe3 Bc5 22. Qxe5+ Kf8 23. Raf1 Bxf2+ 24. Rxf2 Re8 25. Qf4 Qd5 26. h3 g5 27.
Qf6 Rh7 28. Rf5 Qxa2 29. Qg6 Rg7 30. Qxh6 Qe6 31. Rf6 Qe7 32. Nf5 Qe1+ 33. Kh2
Qe5+ 34. Kg1 Qe1+ 35. Kh2 Qe5+ 1/2-1/2

[Event "SR 5. liga SE-SI 2012/2013"]
[Site "?"]
[Date "2013.01.12"]
[Round "9.1"]
[White "Babic, Stefan"]
[Black "Antalek, Rudolf"]
[Result "1-0"]
[WhiteElo "1000"]
[BlackElo "1123"]
[PlyCount "91"]
[EventDate "2012.??.??"]

1. d4 Nf6 2. Nc3 d5 3. Bf4 g6 4. f3 e6 5. e4 Nh5 6. Be3 dxe4 7. fxe4 Bb4 8.
Nge2 Nd7 9. Qd2 Ndf6 10. O-O-O Nxe4 11. Qd3 Nxc3 12. Nxc3 f6 13. Qb5+ c6 14.
Qxb4 b6 15. Ne4 a5 16. Qb3 a4 17. Qb4 Qc7 18. Nd6+ Kd7 19. Nxc8 Rhxc8 20. a3
Ke8 21. Be2 Nf4 22. Bf3 Nd5 23. Bxd5 cxd5 24. c3 Qc6 25. Rhf1 f5 26. Rf3 Ra6
27. Bf4 Kd7 28. Rh3 h5 29. Rg3 Rg8 30. Bg5 Rg7 31. Bf6 Rf7 32. Rxg6 Ra8 33. Rh6
Raf8 34. Be5 Rg8 35. g3 Rg4 36. Rxh5 Re4 37. Rh4 Rxh4 38. gxh4 Rh7 39. Bg3 Rf7
40. Rf1 Ke8 41. Rf3 Re7 42. h5 Rh7 43. Bh4 Kd7 44. Qf8 Qd6 45. Qg8 Rh6 46. Qg7+
1-0

[Event "SR 5. liga SE-SI 2012/2013"]
[Site "?"]
[Date "2013.01.12"]
[Round "9.2"]
[White "Pipiska, Adam"]
[Black "Danihel, Jozef"]
[Result "1/2-1/2"]
[WhiteElo "1674"]
[BlackElo "1566"]
[PlyCount "50"]
[EventDate "2012.??.??"]

1. e4 d5 2. exd5 Nf6 3. Bb5+ Nbd7 4. Nc3 a6 5. Ba4 b5 6. Bb3 Nb6 7. d3 Bb7 8.
Be3 Nbxd5 9. Nxd5 e6 10. Nxf6+ Qxf6 11. Nf3 Bd6 12. O-O O-O 13. Nd2 Qh4 14. h3
c5 15. Qg4 Qe7 16. Ne4 f5 17. Bg5 Qd7 18. Nxc5 Bxc5 19. Qe2 Rae8 20. Rae1 Qc6
21. Bxe6+ Kh8 22. Qf3 Rxe6 23. Rxe6 Qd7 24. Qe2 Qd5 25. Qf3 Qd7 1/2-1/2

[Event "SR 5. liga SE-SI 2012/2013"]
[Site "?"]
[Date "2013.01.12"]
[Round "9.2"]
[White "Davidik, Miroslav"]
[Black "Ocko, Martin"]
[Result "0-1"]
[WhiteElo "1452"]
[BlackElo "1661"]
[PlyCount "58"]
[EventDate "2012.??.??"]

1. e4 c5 2. f4 Nc6 3. Nf3 a6 4. a4 e6 5. e5 Nge7 6. c4 Nf5 7. Be2 Be7 8. O-O
O-O 9. Na3 d6 10. Nc2 dxe5 11. Nxe5 Nxe5 12. fxe5 Qc7 13. Bd3 Qxe5 14. Bxf5
exf5 15. Ra3 Bd6 16. g3 Qe6 17. Ne3 Qg6 18. Nd5 Be6 19. Nf4 Qf6 20. b3 Qd4+ 21.
Kg2 Bd7 22. Qc2 Bc6+ 23. Kh3 g5 24. Bb2 g4+ 25. Kh4 Be7+ 26. Kh5 Qd6 27. Qxf5
Bd7 28. Qd5 Rfd8 29. Be5 Qb6 0-1

[Event "SR 5. liga SE-SI 2012/2013"]
[Site "?"]
[Date "2013.01.12"]
[Round "9.2"]
[White "Buran, Andrej st"]
[Black "Rajcak, Milan"]
[Result "1/2-1/2"]
[WhiteElo "1171"]
[BlackElo "1000"]
[PlyCount "78"]
[EventDate "2012.??.??"]

1. Nf3 Nc6 2. e4 e5 3. Nc3 d6 4. Bc4 Bg4 5. O-O Nd4 6. Be2 Nxe2+ 7. Qxe2 c6 8.
b3 Nf6 9. Bb2 Be7 10. Rad1 Nh5 11. h3 Nf4 12. Qe3 Bxf3 13. Qxf3 O-O 14. d4 Qc7
15. Rfe1 f6 16. Ne2 Ng6 17. c4 Rf7 18. Qf5 Raf8 19. Ng3 Nh4 20. Qg4 f5 21. exf5
Nxf5 22. dxe5 Nh6 23. exd6 Bxd6 24. Qe6 Bxg3 25. fxg3 Kh8 26. Qxh6 Qxg3 27. Rf1
Rxf1+ 28. Rxf1 Rxf1+ 29. Kxf1 Qd3+ 30. Kg1 Qb1+ 31. Qc1 Qxa2 32. Qd1 h6 33.
Qd8+ Kh7 34. Qd3+ Kh8 35. Qc3 Qb1+ 36. Kh2 Qg6 37. Qg3 Qf6 38. h4 Kh7 39. Kh3
a6 1/2-1/2

[Event "SR 5. liga SE-SI 2012/2013"]
[Site "?"]
[Date "2013.01.12"]
[Round "9.2"]
[White "Pekar, Pavol"]
[Black "Buran, Andrej ml"]
[Result "0-1"]
[WhiteElo "1000"]
[BlackElo "1152"]
[PlyCount "48"]
[EventDate "2012.??.??"]

1. d4 d5 2. h3 Bf5 3. Nc3 e6 4. a3 c5 5. Bf4 a6 6. Nf3 Nc6 7. Be3 c4 8. Bf4 Nf6
9. Nh4 Bd6 10. Bxd6 Qxd6 11. Nxf5 exf5 12. Qd2 O-O 13. O-O-O Ne4 14. Nxe4 fxe4
15. e3 f5 16. g3 b5 17. c3 a5 18. Rg1 b4 19. a4 Rfb8 20. Qc2 bxc3 21. Qxc3 Rb3
22. Qe1 Rab8 23. Rd2 c3 24. Rc2 Qa3 0-1